000 00214 a2200097 4500
020 _a99992463031
041 _aspa
100 _aLara, Marco Antonio
245 _aLey 260 Ley organica del poder judicial
942 _cBK
999 _c10454
_d10454